El ejercicio de la función notarial de acuerdo a la nueva normativa de familia (Registro nro. 8246)

Detalles MARC
000 -CABECERA
Longitud fija campo de control 00743nam a22001697a 4500
003 - IDENTIFICADOR DELl NÚMERO DE CONTROL
Identificador del número de control OSt
005 - FECHA Y HORA DE LA ÚLTIMA TRANSACCIÓN
Fecha y hora de la última transacción 20140319175559.0
008 - CÓDIGOS DE INFORMACIÓN DE LONGITUD FIJA
Códigos de información de longitud fija 140318b1995 slv spa
040 ## - FUENTE DE LA CATALOGACIÓN
Centro transcriptor BMC
082 ## - NÚMERO DE LA CLASIFICACIÓN DECIMAL DEWEY
Númeroo de clasificación 346.0157284
245 03 - MENCIÓN DE TÍTULO
Título El ejercicio de la función notarial de acuerdo a la nueva normativa de familia
Resto del título : modelos y comentarios
260 ## - PUBLICACIÓN, DISTRIBUCIÓN, ETC. (PIE DE IMPRENTA)
Lugar de publicación, distribución, etc. San Salvador
Nombre del editor, distribuidor, etc. Ministerio de Justicia, Centro de Información Jurídica
Fecha de publicación, distribución, etc. 1995
300 ## - DESCRIPCIÓN FÍSICA
Extensión VII, 96 p.
Dimensiones 22 cm
594 ## - NOTA AL TÍTULO Y MENCIÓN DE RESPONSABIBLIDAD
Nota Al Título Y Mención De Responsabilidad En la port.: Comisión Coordinadora para el Sector de la Justicia ; Unidad Técnica Ejecutoria (U.T.E.) ; Escuela de Capacitación Judicial ; Unidad de Capacitación del Proyecto de Reforma Judicial II
650 24 - PUNTO DE ACCESO ADICIONAL DE MATERIA - TÉRMINO DE MATERIA
9 (RLIN) 6814
Término de materia o nombre geográfico como elemento inicial Derecho de familia
Subdivisión geográfica El Salvador
942 ## - ENTRADA DE ELEMENTOS AGREGADOS (KOHA)
Fuente de clasificaión o esquema Dewey Decimal Classification
Koha [por defecto] tipo de item 1- Monografias
Existencias
Suprimido Perdido Fuente de clasificación o esquema Estropeado Restricciones de uso No para préstamo Código de colección Localización permanente Localización actual Localización en estanter&íacute;as Fecha adquisición Fuente de adquisición Número de inventario Préstamos totales Signatura completa Código de barras Fecha última consulta Coste, precio reemplazado Fecha del precio de reemplazo Tipo de item de Koha
NULL NULL Dewey Decimal Classification NULL Prestable NULL NULL Biblioteca Miguel de Cervantes - UNICAES Biblioteca Miguel de Cervantes - UNICAES Sala Principal 05/06/2000 Donación - Facultad de Ciencias y Humanidades 013060   346.015 EJE 1013060 18/03/2014 6.00 18/03/2014 1- Monografias
NULL NULL Dewey Decimal Classification NULL Prestable NULL NULL Biblioteca Miguel de Cervantes - UNICAES Biblioteca Miguel de Cervantes - UNICAES Sala Principal 05/06/2000 Donación - Facultad de Ciencias y Humanidades 013061   346.015 EJE 1013061 18/03/2014 6.00 18/03/2014 1- Monografias
NULL NULL Dewey Decimal Classification NULL Prestable NULL NULL Biblioteca Miguel de Cervantes - UNICAES Biblioteca Miguel de Cervantes - UNICAES Sala Principal 05/06/2000 Donación - Facultad de Ciencias y Humanidades 013062   346.015 EJE 1013062 18/03/2014 6.00 18/03/2014 1- Monografias